[Event "ICS rated blitz match"]
[Site "207.99.83.227"]
[Date "1999.05.05"]
[Round "?"]
[White "Hossa"]
[Black "JudgeTurpin"]
[Result "0-1"]
[WhiteElo "2493"]
[BlackElo "2611"]
[Annotator "Crafty v16.6"]
[PlyCount "119"]

{annotating for player ossa using a scoring margin of +0.20 pawns. search time
limit is 20.00} 1. e4 1... g6 2. Nf3 Bg7 3. d4 d6 4. Bb5+ ({9:+0.07} 4. Bb5+
4... c6 5. Be2 Nh6 6. O-O O-O 7. Ng5 Bd7 8. Nc3 8... Na6 $10) ({9:+0.29} 4. Bc4
4... Nf6 5. e5 Nh5 6. O-O O-O 7. Bg5 Nc6 8. Bd5 $10) 4... c6 5. Be2 Nf6 6. Nc3
O-O 7. O-O Bg4 8. Bg5 Nbd7 9. Qd3 Qa5 10. Qe3 c5 11. Rad1 cxd4 12. Nxd4 ({
7:+0.20} 12. Nxd4 12... Bxe2 13. Ndxe2 Qe5 14. Nd5 Rae8 15. Nec3 15... Ng4 $10)
({7:+0.45} 12. Rxd4 12... Rac8 13. Rfd1 Qb6 14. Na4 Qd8 15. Bc4 $14) 12... Bxe2
13. Ndxe2 Rac8 14. Bh6 Bxh6 15. Qxh6 Qb6 16. Rb1 Ne5 17. a4 Rfd8 18. h3 Rc4 19.
Nf4 e6 20. Rfe1 Rdc8 21. Qg5 Kg7 22. Qh4 ({8:-0.69} 22. Qh4 22... Rb4 23. Nfe2
Rxb2 24. Red1 Qb4 25. Rxb2 Qxb2 26. Qg3 $15) ({8:+0.07} 22. Nd3 22... Nxd3 23.
cxd3 Rd4 24. Qe3 Qc5 25. Rbc1 Kg8 26. Nd5 $10) 22... Rb4 23. a5 Qxa5 24. Nd3 ({
7:-1.51} 24. Nd3 24... Nxd3 25. cxd3 Qb6 26. Ra1 Qd4 27. Re2 27... Kg8 $19) ({
7:-0.71} 24. Re3 24... Qd8 25. b3 Nfd7 26. Qxd8 Rxd8 27. Ra1 27... g5 $17)
24... Nxd3 25. cxd3 Qb6 26. Nd1 d5 27. g4 Qd4 28. e5 Nh5 29. Re3 Nf4 30. Qf6+
Kg8 31. Rf3 a5 32. Nc3 Rf8 33. Kh1 h5 34. gxh5 Nxh5 35. Qg5 Ng7 36. Ne2 Qb6 37.
Qd2 Rc8 38. Kg1 Nf5 39. Kh1 d4 40. Ng3 Qb5 41. Nxf5 exf5 42. e6 Qd5 43. exf7+
Kxf7 44. Qd1 a4 45. Kg2 Rb3 46. Ra1 Rxb2 47. Qxa4 Rcc2 48. Kg3 g5 49. Rf1 b5
50. Qa7+ Kg6 51. Qe7 Re2 52. Qa3 f4+ 53. Kg2 Ra2 54. Qc1 Re3 55. Qd1 g4 56.
hxg4 Rd2 57. Kh2 Rxd1 58. Rxe3 Rxf1 59. Re4 Rxf2+ 60. Kg1 0-1

[Event "ICS rated blitz match"]
[Site "207.99.83.227"]
[Date "1999.05.05"]
[Round "?"]
[White "ChessTatour"]
[Black "Hossa"]
[Result "1/2-1/2"]
[WhiteElo "2133"]
[BlackElo "2482"]
[PlyCount "112"]

1. c4 e5 2. Nc3 Nc6 3. g3 Bb4 4. Bg2 Nf6 5. Nf3 d6 6. O-O O-O 7. Nd5 Nxd5 8.
cxd5 Ne7 9. d4 e4 10. Ng5 Nxd5 11. Nxe4 c6 12. Bd2 Bxd2 13. Qxd2 Re8 14. Nc3
Nxc3 15. bxc3 Bg4 16. f3 Be6 17. e4 Bc4 18. Rfe1 Qf6 19. Qf4 Qxf4 20. gxf4 f5
21. Kf2 Re6 22. a3 Rh6 23. h3 Rf8 24. e5 b5 25. Re3 a5 26. Rae1 Kf7 27. Kg3
Rg6+ 28. Kf2 Ke6 29. Bf1 Bxf1 30. Kxf1 Rg3 31. exd6+ Kxd6 32. Re6+ Kc7 33. Kf2
Rxh3 34. Kg2 Rh4 35. Re7+ Kb6 36. Rxg7 h6 37. Re6 Rc8 38. Rgg6 b4 39. axb4 axb4
40. cxb4 h5 41. d5 Rxf4 42. Rxc6+ Rxc6 43. Rxc6+ Kb5 44. Rc8 Kxb4 45. Kg3 Rd4
46. Rh8 f4+ 47. Kh4 Rxd5 48. Rxh5 Kc4 49. Rxd5 Kxd5 50. Kg4 Ke5 51. Kg5 Ke6 52.
Kxf4 Kf6 53. Kg4 Kg6 54. Kf4 Kf6 55. Kg4 Kg6 56. Kf4 56... Kf6 {
Game drawn by repetition} 1/2-1/2

[Event "ICS rated blitz match"]
[Site "207.99.83.227"]
[Date "1999.05.05"]
[Round "?"]
[White "Hossa"]
[Black "ChessTatour"]
[Result "1-0"]
[WhiteElo "2470"]
[BlackElo "2145"]
[PlyCount "52"]

1. e4 c6 2. Nf3 d5 3. exd5 cxd5 4. d4 Nc6 5. h3 g6 6. Be2 Bg7 7. O-O Nh6 8. Bg5
Nf5 9. c3 f6 10. Bc1 Nd6 11. Qb3 Nf7 12. Be3 O-O 13. Nbd2 Kh8 14. Rae1 e5 15.
h4 e4 16. Nh2 f5 17. h5 Ng5 18. f4 exf3 19. Nhxf3 f4 20. Bf2 Ne4 21. hxg6 hxg6
22. Bd3 Nxf2 23. Kxf2 Bh6 24. Bxg6 Kg7 25. Bb1 Bg4 26. Qxb7+ 26... Rf7 {
ChessTatour resigns} 1-0

[Event "ICS rated blitz match"]
[Site "207.99.83.227"]
[Date "1999.05.05"]
[Round "?"]
[White "Etan"]
[Black "Hossa"]
[Result "1/2-1/2"]
[WhiteElo "2206"]
[BlackElo "2474"]
[PlyCount "82"]

1. d4 Nf6 2. Nf3 e6 3. Bg5 d5 4. e3 Bd6 5. c4 O-O 6. c5 Be7 7. Nc3 Ne4 8. Bxe7
Qxe7 9. Bd3 Nxc3 10. bxc3 b6 11. cxb6 axb6 12. O-O Ba6 13. Bxa6 Rxa6 14. Qb3
Ra3 15. Qb2 Nd7 16. Rfc1 c6 17. c4 dxc4 18. Rxc4 Rc8 19. Rac1 Qd6 20. Rxc6 Rxc6
21. Rxc6 Qxc6 22. Qxa3 Qc2 23. g3 Nf8 24. Qb3 Qe2 25. Kg2 b5 26. Ne5 h6 27. h4
Qh5 28. Nf3 Qf5 29. Qc3 Ng6 30. Qc5 Qb1 31. a3 Nf8 32. Qb4 Qd3 33. Ne5 Qe4+ 34.
Nf3 Qd3 35. Qc5 Qb1 36. Qb4 Qd3 37. Qd6 Qe4 38. Qe5 Qd3 39. Qd6 Qe4 40. Qc5 Qb1
41. Qb4 41... Qd3 {Game drawn by repetition} 1/2-1/2

[Event "ICS rated blitz match"]
[Site "207.99.83.227"]
[Date "1999.05.05"]
[Round "?"]
[White "Hossa"]
[Black "JudgeTurpin"]
[Result "1/2-1/2"]
[WhiteElo "2464"]
[BlackElo "2622"]
[PlyCount "151"]

1. e4 e5 2. f4 exf4 3. Nf3 g5 4. h4 g4 5. Ne5 d6 6. Nxg4 Nf6 7. Nxf6+ Qxf6 8.
Nc3 c6 9. Be2 Qg7 10. O-O Rg8 11. Bf3 Bh3 12. Qe2 Be7 13. Kh1 Qg3 14. h5 Qh4
15. Kg1 Bg4 16. Bxg4 Rxg4 17. Qf2 Qxh5 18. Qe2 Bf6 19. e5 dxe5 20. d4 f3 21.
Qxf3 Qg6 22. dxe5 Bxe5 23. Qe2 Qe6 24. Be3 Bxc3 25. bxc3 Nd7 26. Rae1 Re4 27.
Qf3 a5 28. Bf2 f5 29. Bh4 Nf6 30. Qxf5 Qxf5 31. Rxf5 Rxe1+ 32. Bxe1 Ke7 33. Bh4
Rf8 34. Rh5 Kd6 35. Bxf6 Rxf6 36. Rxh7 b6 37. Rg7 Kd5 38. Rg4 c5 39. c4+ Ke5
40. a3 Rd6 41. Rg5+ Kd4 42. Rd5+ Rxd5 43. cxd5 Kxd5 44. Kf2 a4 45. Ke3 b5 46.
Kd2 b4 47. Kc1 Ke4 48. Kb2 Kf5 49. axb4 cxb4 50. c3 b3 51. c4 Ke4 52. g4 Kd4
53. g5 Kxc4 54. g6 a3+ 55. Kxa3 Kc3 56. g7 b2 57. g8=Q b1=Q 58. Qh8+ Kc4 59.
Qh4+ Kd5 60. Qh3 Qc1+ 61. Kb3 Qc4+ 62. Ka3 Qc5+ 63. Kb3 Qb6+ 64. Kc3 Qf6+ 65.
Kd3 Qa6+ 66. Kc2 Qa2+ 67. Kd1 Qb1+ 68. Ke2 Qc2+ 69. Kf1 Qd1+ 70. Kg2 Qe2+ 71.
Kh1 Qe1+ 72. Kh2 Qe5+ 73. Qg3 Qh8+ 74. Qh3 Qb8+ 75. Qg3 Qxg3+ 76. Kxg3 {
Game drawn because neither player has mating material} 1/2-1/2

[Event "ICS rated blitz match"]
[Site "207.99.83.227"]
[Date "1999.05.05"]
[Round "?"]
[White "Hossa"]
[Black "JudgeTurpin"]
[Result "0-1"]
[WhiteElo "2471"]
[BlackElo "2615"]
[Annotator "Crafty v16.6"]
[PlyCount "73"]

{annotating for player ossa using a scoring margin of +0.20 pawns. search time
limit is 20.00} 1. e4 1... e5 2. f4 exf4 3. Nf3 g5 4. h4 g4 5. Ne5 Nf6 6. Bc4
d5 7. exd5 Bd6 8. d4 Nh5 9. Bb5+ Kf8 10. Nxg4 Ng3 11. Rh2 Qe7+ 12. Ne5 Bxe5 13.
dxe5 Qc5 14. Bxf4 Qg1+ 15. Kd2 Qd4+ 16. Kc1 Qxf4+ 17. Qd2 Qxe5 18. Qh6+ ({
9:-2.95} 18. Qh6+ 18... Ke7 19. Qd2 Ne4 20. Qb4+ Kf6 21. Nd2 Bf5 22. Nxe4+ Bxe4
23. g3 Qxd5 24. Re2 $19) ({9:-2.36} 18. Nc3 18... Kg7 19. Qf2 c6 20. Bc4 Ne4
21. Nxe4 Qxe4 22. Qg3+ Bg4 23. Bd3 $19) 18... Ke7 19. Qg5+ ({8:-3.26} 19. Qg5+
19... Qxg5+ 20. hxg5 Bf5 21. Nd2 Rd8 22. Bc4 c6 23. dxc6 Nxc6 24. Rh6 24... Ne4
$19) ({8:-2.95} 19. Qd2 19... Ne4 20. Qb4+ Kf6 21. Nd2 Bf5 22. Nxe4+ Bxe4 23.
g3 Qxd5 24. Re2 $19) 19... Qxg5+ 20. hxg5 c6 21. dxc6 Nxc6 22. Nc3 Be6 23. Bd3
({9:-3.64} 23. Bd3 23... Rag8 24. Kd2 Nb4 25. Rxh7 Rxh7 26. Bxh7 Rxg5 27. Re1
27... Kd6 $19) ({9:-3.21} 23. Bxc6 23... bxc6 24. Rh4 a5 25. Ra4 h6 26. gxh6
Rxh6 27. b4 Rh1+ 28. Kb2 Rxa1 29. Kxa1 $19) 23... Nb4 24. Rh6 ({9:-3.76} 24.
Rh6 24... Nxd3+ 25. cxd3 Rag8 26. Rh4 Rxg5 27. Rb4 Rb8 28. Kc2 Nf5 29. g4 $19)
({9:-3.41} 24. Rh4 24... a5 25. Be4 Nxe4 26. Rxe4 Rad8 27. Re5 Nc6 28. Rb5
28... Rd7 $19) 24... Nf5 25. Rh3 ({9:-3.73} 25. Rh3 25... Rag8 26. Rh5 Nxd3+
27. cxd3 Ng3 28. Rh4 Rxg5 29. Rb4 Rb8 30. Kc2 $19) ({9:-3.31} 25. Bxf5 25...
Bxf5 26. Rf6 Be6 27. Rf4 a5 28. Re4 Rad8 29. a3 29... Nc6 $19) 25... Rag8 26.
Be4 Rxg5 27. a3 Nd6 28. Re3 Nxe4 29. axb4 Rxg2 30. Nd1 Rg1 31. Rxa7 Rd8 32.
Rxb7+ Kf6 33. Rf3+ Kg5 34. Rb5+ Kg4 35. Rd3 Rxd3 36. Rg5+ Kxg5 37. b3 0-1

[Event "ICS rated blitz match"]
[Site "207.99.83.227"]
[Date "1999.05.05"]
[Round "?"]
[White "Hossa"]
[Black "JudgeTurpin"]
[Result "0-1"]
[WhiteElo "2464"]
[BlackElo "2618"]
[Annotator "Crafty v16.6"]
[PlyCount "101"]

{annotating for player ossa using a scoring margin of +0.20 pawns. search time
limit is 20.00} 1. e4 1... c5 2. Nc3 e6 3. Nf3 a6 4. Be2 b5 5. O-O Bb7 6. d4
cxd4 7. Qxd4 Nc6 8. Qe3 b4 9. Na4 Nf6 10. e5 Nd5 11. Qb3 ({8:+0.15} 11. Qb3
11... Be7 12. c4 bxc3 13. Nxc3 Nxc3 14. Qxc3 O-O 15. Bf4 15... Rc8 $10) ({
8:+0.72} 11. Qe4 11... Na5 12. Qd4 Nc6 13. Qc4 Qa5 14. b3 14... Qd8 $16) 11...
Na5 12. Qd3 Bc6 13. b3 Bb5 14. Qd2 Bxa4 15. bxa4 Qc7 16. Bb2 ({9:-0.18} 16. Bb2
16... Nc4 17. Bxc4 Qxc4 18. Bd4 Be7 19. Qd3 Qxd3 20. cxd3 O-O 21. Rac1 $10) ({
9:+0.24} 16. Bd3 16... Be7 17. Qe1 Nc3 18. a3 b3 19. Nd4 bxc2 20. Bxc2 O-O 21.
Bf4 $10) 16... Nc4 17. Bxc4 Qxc4 18. a3 Bc5 19. axb4 Bxb4 20. Qd4 ({9:-0.75} 
20. Qd4 20... Qxc2 21. Rfc1 Qe2 22. Ne1 f6 23. exf6 gxf6 24. Rc2 24... Qh5 $17)
({9:-0.30} 20. Qd3 20... Rc8 21. Rfb1 O-O 22. Nd4 Nc3 23. Rc1 Qd5 24. Re1 $10)
20... Qxd4 21. Bxd4 Rc8 22. Rac1 ({10:-1.24} 22. Rac1 22... Nf4 23. Rb1 Ne2+
24. Kh1 a5 25. Bb2 Rxc2 26. Rfd1 Ke7 27. Ng5 27... Bd2 $17) ({10:-0.63} 22.
Rfc1 22... Rc4 23. c3 Nxc3 24. Bxc3 Rxc3 25. Rxc3 Bxc3 26. Rc1 Ba5 27. Rc8+ Bd8
28. Ng5 $15) 22... Rc4 23. Rfd1 Ke7 24. Bb2 ({9:-1.44} 24. Bb2 24... Nc3 25.
Bxc3 Bxc3 26. Rb1 Rxa4 27. Rb7 Rd8 28. Rc7 28... Ra3 $17) ({9:-1.21} 24. Rb1
24... Rxc2 25. Ng5 Bc5 26. Rd2 Rc4 27. Bxc5+ Rxc5 28. Kf1 Rc4 29. a5 $17) 24...
Rhc8 25. Ng5 ({9:-1.79} 25. Ng5 25... Nc3 26. Bxc3 Bxc3 27. Rd3 Bxe5 28. Nf3
Bf4 29. Rcd1 29... d5 $19) ({9:-1.35} 25. Rb1 25... Rxc2 26. Ng5 Nc3 27. Bxc3
Bxc3 28. Rb7 Bd4 29. Kh1 29... R8c4 $17) 25... h6 26. Nf3 g5 27. Nd4 Nc3 28.
Rd3 Nxa4 29. Ba1 Nc3 30. Re1 Nb5 31. Red1 Nxd4 32. Bxd4 Rxc2 33. Be3 R8c7 34.
f4 gxf4 35. Bxf4 Bc3 36. Rf1 Rc4 37. g3 a5 38. Rfd1 Rc7 39. h3 a4 40. Rf3 a3
41. Bxh6 a2 42. Rdf1 Kd8 43. Rxc3 R7xc3 44. Bg5+ Kc7 45. h4 Rxg3+ 46. Kh1 Rb3
47. h5 Rb1 48. Bc1 a1=Q 49. Rf2 Rxf2 50. Kg1 Qd4 51. h6 0-1

[Event "ICS Rated blitz match"]
[Site "207.99.83.227"]
[Date "1999.05.05"]
[Round "?"]
[White "SuperChicken"]
[Black "Hossa"]
[Result "1-0"]
[WhiteElo "2693"]
[BlackElo "2455"]
[Annotator "Crafty v16.6"]
[PlyCount "110"]

{annotating for player ossa using a scoring margin of +0.20 pawns. search time
limit is 20.00} 1. e4 1... e5 2. Bc4 Nf6 3. d3 Nc6 4. Nc3 Na5 5. Nge2 Nxc4 6.
dxc4 Bc5 7. Qd3 Ng4 8. O-O O-O 9. Qg3 d6 10. Na4 Bxf2+ 11. Rxf2 Nxf2 12. Qxf2
f5 13. Qe1 fxe4 14. Nec3 Bf5 ({9:-0.05} 14... Bf5 15. Nxe4 Be6 16. Qe2 Qd7 17.
Nac3 Bg4 18. Qd3 18... Qf5 $10) ({9:+0.21} 14... Bd7 15. Qxe4 Bc6 16. Qg4 Qc8
17. Qg5 Qd7 18. b3 18... Rae8 $10) 15. Nxe4 Qe8 16. Nac3 Qg6 17. Qe2 Rae8 18.
Qd3 Rf7 19. Be3 a5 20. c5 Re6 ({8:-0.83} 20... Re6 21. Rd1 Rf8 22. cxd6 Rxd6
23. Qc4+ Be6 24. Nd5 Qg4 25. Ne7+ 25... Kh8 $16) ({8:-0.32} 20... Rd8 21. Bg5
Rc8 22. cxd6 cxd6 23. g4 Rxc3 24. gxf5 Rxd3 25. fxg6 $14) 21. Rd1 Qg4 22. Rd2
Rg6 23. Qc4 Qh4 ({8:-1.17} 23... Qh4 24. g3 Rg4 25. Qd5 Bxe4 26. Nxe4 dxc5 27.
Bxc5 c6 28. Qe6 $16) ({8:-0.39} 23... Be6 24. Qb5 c6 25. Qe2 Qxe2 26. Rxe2 d5
27. Nd6 27... Re7 $14) 24. g3 Qh3 ({8:-2.13} 24... Qh3 25. Ng5 Be6 26. Qb5 Rxg5
27. Bxg5 Qg4 28. Qe8+ Rf8 29. Qe7 29... dxc5 $18) ({8:-1.83} 24... Bxe4 25.
Nxe4 Qe7 26. cxd6 cxd6 27. Qd5 Qe6 28. Nxd6 Rd7 29. Qxe6+ Rxe6 30. Bc5 $18) 25.
cxd6 Be6 26. Nd5 cxd6 27. Ng5 Rxg5 28. Bxg5 a4 29. Bd8 Kh8 30. Qb5 Bd7 31. Qd3
Bf5 32. Qf3 Bg6 33. Qe2 a3 34. bxa3 Qd7 35. Ba5 Qc6 36. Bb4 e4 37. Qg4 Rd7 38.
Rf2 Bf7 39. c4 Bg8 40. Rf8 Rf7 41. Rc8 Qa4 42. Qxe4 Qd1+ 43. Be1 g6 44. Kg2 h5
45. Rxg8+ Kxg8 46. Qe8+ Kg7 47. Bc3+ Kh6 48. Qh8+ Kg5 49. h4+ Kf5 50. Qe8 Qc2+
51. Kh3 Qxc3 52. Qxf7+ Ke4 53. Nxc3+ Kd3 54. Nb5 b6 55. Qxg6+ Kxc4 1-0

[Event "ICS Rated blitz match"]
[Site "207.99.83.227"]
[Date "1999.05.05"]
[Round "?"]
[White "Hossa"]
[Black "heatstroke"]
[Result "0-1"]
[WhiteElo "2449"]
[BlackElo "2820"]
[PlyCount "70"]

1. e4 c5 2. Nc3 Nc6 3. Nge2 Nf6 4. d4 d5 5. exd5 Nxd5 6. dxc5 Ndb4 7. Nb5 Bf5
8. Qxd8+ Rxd8 9. Na3 e6 10. Be3 Nd5 11. O-O-O Nxe3 12. Rxd8+ Kxd8 13. fxe3 Bxc5
14. Nc4 b5 15. e4 Bxe4 16. Nd2 Bg6 17. Nf4 b4 18. Bb5 Nd4 19. Nxg6 hxg6 20. Bd3
Nf5 21. Bxf5 gxf5 22. Nf3 Ke7 23. c4 bxc3 24. bxc3 f6 25. Re1 g5 26. h3 Rd8 27.
Kb1 g4 28. hxg4 fxg4 29. Nh4 Kf7 30. Re4 f5 31. Re5 Bd6 32. Rb5 Kf6 33. Kc2 Rh8
34. Nxf5 exf5 35. Rd5 35... Bf4 {Hossa resigns} 0-1

[Event "ICS Rated blitz match"]
[Site "207.99.83.227"]
[Date "1999.05.05"]
[Round "?"]
[White "MissSilicon"]
[Black "Hossa"]
[Result "1-0"]
[WhiteElo "2516"]
[BlackElo "2446"]
[Annotator "Crafty v16.6"]
[PlyCount "44"]

{annotating for player ossa using a scoring margin of +0.20 pawns. search time
limit is 20.00} 1. f4 1... e5 2. e4 exf4 3. Qg4 Qf6 4. Ne2 Bd6 ({9:-0.04} 4...
Bd6 5. d4 Nh6 6. Qh5 Qe6 7. e5 f3 8. Qxf3 8... Be7 $10) ({9:+0.38} 4... Nc6 5.
Qxf4 Bd6 6. Qxf6 Nxf6 7. d3 Nb4 8. Na3 O-O 9. Bg5 $15) 5. d4 Nh6 6. Qh5 Nc6 ({
8:-0.47} 6... Nc6 7. e5 Nxe5 8. dxe5 Bxe5 9. Nbc3 O-O 10. Nd5 $14) ({8:-0.10} 
6... Qg6 7. Qxg6 fxg6 8. Bxf4 Bxf4 9. Nxf4 Nc6 10. d5 g5 11. Nh5 $10) 7. e5
Nxe5 8. dxe5 Bxe5 9. Nbc3 O-O 10. Nd5 Qe6 11. Bxf4 Bxf4 12. Ndxf4 Qc4 13. c3
Re8 14. Kd2 a6 ({9:-2.51} 14... a6 15. Nd4 Qa4 16. Nd5 d6 17. Nxc7 Bg4 18. Qd5
Re5 19. Qxd6 $18) ({9:-1.49} 14... Qc6 15. Qg5 Qb6 16. Kc2 Qe3 17. Re1 d6 18.
Kb1 Bf5+ 19. Ka1 $16) 15. Nd4 Qa4 16. Nd5 Rb8 ({8:-3.07} 16... Rb8 17. Nf6+
gxf6 18. Qxh6 d6 19. Qxf6 Be6 20. Nxe6 Rxe6 21. Qg5+ 21... Kf8 $18) ({8:-2.78} 
16... Re4 17. Kd3 g6 18. Nf6+ Kg7 19. Qg5 Rxd4+ 20. cxd4 Nf5 21. d5 $18) 17.
Nxc7 Rd8 18. Bd3 b5 19. Nd5 Kh8 20. b3 Qa3 21. Nf5 Qf8 22. Raf1 Nxf5 ({8:-5.70
} 22... Nxf5 23. Qxf5 Qg8 24. Ne7 d6 25. Qh5 g6 26. Qg5 Qf8 27. Qf6+ Qg7 28.
Nxg6+ hxg6 29. Qxd8+ $18) ({8:-5.15} 22... f6 23. Nxh6 gxh6 24. Nxf6 Bb7 25.
Nxh7 Qg7 26. Rhg1 26... Bxg2 $18) 1-0

[Event "ICS Rated blitz match"]
[Site "207.99.83.227"]
[Date "1999.05.05"]
[Round "?"]
[White "Hossa"]
[Black "JudgeTurpin"]
[Result "0-1"]
[WhiteElo "2433"]
[BlackElo "2644"]
[PlyCount "100"]

1. e4 c5 2. Nf3 e6 3. d4 cxd4 4. Nxd4 Nf6 5. Nc3 d6 6. Bd3 Nc6 7. Bb5 Bd7 8.
O-O Nxd4 9. Qxd4 Bxb5 10. Nxb5 a6 11. Nc3 Be7 12. Be3 O-O 13. Rad1 Ng4 14. Qd3
Nxe3 15. Qxe3 Rc8 16. Qd4 Qa5 17. Qd2 Bf6 18. Nd5 Qxa2 19. Nxf6+ gxf6 20. c3
Rfd8 21. f4 d5 22. e5 f5 23. Qf2 Qb3 24. Rd2 Kh8 25. Qh4 Rg8 26. Qf6+ Rg7 27.
Kh1 Qc4 28. Rdf2 d4 29. cxd4 Qxd4 30. g3 a5 31. Rg2 Qd5 32. Kg1 b6 33. Re1 Qd4+
34. Kh1 b5 35. Ra1 a4 36. Rf1 Qd5 37. Kg1 Qd3 38. Rgf2 Qd4 39. Kh1 b4 40. Qe7
Qd5+ 41. Kg1 b3 42. Ra1 Qd4 43. Qd6 Qa7 44. Qd3 Rgg8 45. Rd1 Rc2 46. Qd4 Qa5
47. Qe3 Rgc8 48. Rd7 Rxf2 49. Kxf2 Rc2+ 50. Kg1 50... a3 {Hossa resigns} 0-1

[Event "ICS Rated blitz match"]
[Site "207.99.83.227"]
[Date "1999.05.05"]
[Round "?"]
[White "Hossa"]
[Black "JudgeTurpin"]
[Result "0-1"]
[WhiteElo "2419"]
[BlackElo "2658"]
[PlyCount "118"]

1. e4 c5 2. Nf3 e6 3. d4 cxd4 4. Nxd4 Nf6 5. Bd3 Nc6 6. Be3 d5 7. Nxc6 bxc6 8.
exd5 exd5 9. O-O Be7 10. Re1 O-O 11. c3 a5 12. Qc2 Ba6 13. Bxa6 Rxa6 14. Qe2
Ra8 15. Nd2 Re8 16. Rad1 a4 17. Bd4 Qb8 18. Be5 Bd6 19. Nf3 g6 20. Bxd6 Rxe2
21. Bxb8 Rxe1+ 22. Nxe1 Rxb8 23. Nd3 Ne4 24. f3 Nd6 25. Re1 Nc4 26. Re2 Kg7 27.
h4 Kf6 28. Kh2 Rb7 29. g4 h5 30. gxh5 gxh5 31. Nf4 Nxb2 32. Nxh5+ Kf5 33. Rd2
Nc4 34. Rg2 Rb2 35. Rxb2 Nxb2 36. Ng3+ Ke5 37. h5 Kf6 38. f4 c5 39. Ne2 Nc4 40.
Kg3 Nd6 41. Kg4 a3 42. Kg3 Nf5+ 43. Kf3 Ke6 44. Ng3 Nxg3 45. Kxg3 Kf6 46. Kf3
Kg7 47. Ke2 Kh6 48. Kd3 Kxh5 49. Kc2 c4 50. Kd2 Kg4 51. Ke3 f6 52. f5 Kxf5 53.
Kd4 Kf4 54. Kxd5 Ke3 55. Kxc4 f5 56. Kb3 f4 57. c4 f3 58. c5 f2 59. Kb4 59...
f1=Q {Hossa resigns} 0-1

[Event "ICS Rated blitz match"]
[Site "207.99.83.227"]
[Date "1999.05.05"]
[Round "?"]
[White "Hossa"]
[Black "JudgeTurpin"]
[Result "0-1"]
[WhiteElo "2413"]
[BlackElo "2644"]
[Annotator "Crafty v16.6"]
[PlyCount "130"]

{annotating for player ossa using a scoring margin of +0.20 pawns. search time
limit is 20.00} 1. e4 1... c5 2. Nf3 e6 3. b3 Nf6 4. e5 Nd5 5. c4 Nb4 6. a3
N4c6 7. Bb2 d5 8. cxd5 exd5 9. Bd3 Bg4 10. O-O Be7 11. h3 ({9:+0.08} 11. h3
11... Be6 12. Qc2 g6 13. Nc3 O-O 14. Nb5 Nd7 15. Nd6 Bxd6 16. exd6 $10) ({
9:+0.31} 11. e6 11... fxe6 12. Bxg7 Rg8 13. Bc3 Bh3 14. Ne1 Bg4 15. Nf3 $14)
11... Bh5 12. Be2 ({9:-0.32} 12. Be2 12... O-O 13. Bd3 Nd7 14. Re1 Bh4 15. g4
Bg6 16. Bxg6 16... hxg6 $15) ({9:+0.26} 12. e6 12... fxe6 13. Bxg7 Rg8 14. Bc3
Bg6 15. Qe2 Bxd3 16. Qxd3 16... Rg6 $10) 12... O-O 13. Re1 Nd7 14. Nc3 Bxf3 15.
Bxf3 Ndxe5 16. Bxd5 Nd3 17. Re4 Nxb2 18. Qc2 Nd4 19. Qxb2 Rb8 20. b4 b6 21.
Rae1 Bf6 22. Qa2 Qd7 23. Bc4 b5 24. Bd5 c4 25. Rf4 Nb3 26. Rxf6 gxf6 27. d3
Rfc8 28. dxc4 bxc4 29. Re4 Rb6 30. Rg4+ Kh8 31. Rxc4 Nd4 32. Ne4 Rxc4 33. Qxc4
Nb5 34. a4 Nd6 35. Nxd6 Rxd6 36. Qc5 Kg7 37. Be4 Rd1+ 38. Kh2 Qd6+ 39. Qxd6
Rxd6 40. b5 Rd4 41. Bc6 Kg6 42. a5 Rc4 43. g3 Kf5 44. b6 axb6 45. Bd7+ Ke5 46.
axb6 Rb4 47. f4+ Kd4 48. Be8 Rxb6 49. Bxf7 Rb2+ 50. Kh1 Ke4 51. Bh5 f5 52. Be8
Kf3 53. Kg1 Kxg3 54. Kf1 Kxh3 55. Bf7 Kg3 56. Bg8 h5 57. Be6 Kxf4 58. Ke1 h4
59. Kf1 h3 60. Bd5 h2 61. Bh1 Ke3 62. Bc6 Rb1+ 63. Kg2 h1=Q+ 64. Kg3 Rg1+ 65.
Bg2 Rxg2# 0-1

[Event "ICS Rated blitz match"]
[Site "207.99.83.227"]
[Date "1999.05.05"]
[Round "?"]
[White "Hossa"]
[Black "JudgeTurpin"]
[Result "0-1"]
[WhiteElo "2406"]
[BlackElo "2651"]
[Annotator "Crafty v16.6"]
[PlyCount "121"]

{annotating for player ossa using a scoring margin of +0.20 pawns. search time
limit is 20.00} 1. e4 1... e5 2. f4 exf4 3. Nf3 d6 4. Bc4 h6 5. d4 g5 6. O-O
Bg7 7. c3 Nc6 8. b4 ({9:-0.95} 8. b4 8... Bg4 9. Qb3 Qd7 10. Nbd2 Qe7 11. Bb2
$17) ({9:-0.23} 8. Qa4 8... Bd7 9. Qb3 Na5 10. Bxf7+ Ke7 11. Qa3 Kxf7 12. Qxa5
12... Ne7 $10) 8... Nf6 9. b5 ({8:-1.29} 9. b5 9... Na5 10. Bd3 Ng4 11. Re1 Be6
12. e5 12... d5 $17) ({8:-0.94} 9. Qd3 9... Nh5 10. Nbd2 Bg4 11. Bd5 Qd7 12. b5
12... Na5 $17) 9... Na5 10. Bd3 Bg4 11. Qa4 b6 12. e5 Nd5 13. exd6 Qxd6 14.
Re1+ Be6 15. Bf5 ({9:-1.45} 15. Bf5 15... O-O-O 16. Bxe6+ fxe6 17. Bd2 Qd7 18.
Ne5 Bxe5 19. Rxe5 Nf6 20. Na3 20... Kb8 $17) ({9:-1.19} 15. Ne5 15... Bxe5 16.
dxe5 Qe7 17. Qd4 O-O-O 18. Ba3 Qd7 19. Rd1 19... Ne3 $17) 15... O-O-O 16. Bxe6+
fxe6 17. Ba3 Qd7 18. Bb4 g4 19. Nh4 c6 20. Na3 cxb5 21. Nxb5 a6 22. Nd6+ Kc7
23. Qxd7+ Rxd7 24. Rxe6 Nxb4 25. Ne8+ Rxe8 26. Rxe8 Nd5 27. Nf5 Rf7 28. Rg8 Bf8
29. Nh4 Nf6 30. Rg6 Nc6 31. Nf5 Nd5 32. Nxh6 Bxh6 33. Rxh6 Nce7 34. Rb1 Nf5 35.
Rg6 Nfe3 36. Kf2 f3 37. gxf3 Rxf3+ 38. Kg1 Nxc3 39. Rc1 Kd7 40. Re1 Ne2+ 41.
Kh1 a5 42. Rg5 Rf2 43. a4 Nf1 44. Rxe2 Rxe2 45. Rg7+ Ke6 46. Rxg4 Kd5 47. Rh4
Ne3 48. Rh5+ Kxd4 49. h4 Ra2 50. Rb5 Rxa4 51. Rxb6 Kc5 52. Rb3 Rxh4+ 53. Kg1
Re4 54. Ra3 Kb4 55. Ra1 Rf4 56. Kh2 Rf1 57. Ra2 Rf2+ 58. Kg3 Rxa2 59. Kf3 a4
60. Ke4 Nd1 61. Kf5 0-1

[Event "ICS Rated blitz match"]
[Site "207.99.83.227"]
[Date "1999.05.05"]
[Round "?"]
[White "Hossa"]
[Black "JudgeTurpin"]
[Result "0-1"]
[WhiteElo "2400"]
[BlackElo "2657"]
[Annotator "Crafty v16.6"]
[PlyCount "85"]

{annotating for player ossa using a scoring margin of +0.20 pawns. search time
limit is 20.00} 1. e4 1... c5 2. Nf3 e6 3. d4 cxd4 4. Nxd4 Nf6 5. Nd2 Nc6 6.
N4f3 Bc5 7. e5 ({9:-1.56} 7. e5 7... Ng4 8. Ne4 Qb6 9. Nxc5 Qxc5 10. Qe2 O-O
11. Bg5 Ngxe5 12. Nxe5 12... Nxe5 $19) ({9:-0.17} 7. Bd3 7... Ng4 8. O-O O-O 9.
Nc4 Nxf2 10. Rxf2 Bxf2+ 11. Kxf2 11... Qf6 $10) 7... Bxf2+ 8. Kxf2 Ng4+ 9. Kg3
Ne3 10. Qe2 Nxc2 11. Rb1 d5 12. Nb3 ({9:+1.47} 12. Nb3 12... N2b4 13. a3 Na6
14. Qc2 Bd7 15. Bxa6 bxa6 16. Nbd4 16... Qc7 $16) ({9:+1.83} 12. Nc4 12... N6d4
13. Nd6+ Qxd6 14. Nxd4 Nxd4 15. exd6 Nxe2+ 16. Bxe2 Bd7 17. Bg5 17... d4 $18)
12... N2b4 13. a3 Na2 14. Bg5 ({8:+1.83} 14. Bg5 14... f6 15. exf6 gxf6 16. Bf4
e5 17. Ra1 Qb6 18. Nfd2 $18) ({8:+2.71} 14. Be3 14... O-O 15. Ra1 d4 16. Nbxd4
Nxd4 17. Bxd4 Qd5 18. Rd1 $18) 14... f6 15. exf6 gxf6 16. Bd2 Qb6 17. Qe3 Qc7+
18. Kf2 O-O 19. Qc5 b6 20. Qc2 e5 21. Bb5 Bd7 22. Rbf1 a6 23. Bd3 e4 24. Bxe4
dxe4 25. Qc4+ Kh8 26. Qxe4 Rae8 27. Qc2 Qd6 28. Rd1 Qe6 29. Rde1 Ne5 30. Nfd4
Ng4+ 31. Kg3 Qg8 32. Kf3 Qd5+ 33. Kf4 Qxg2 34. Reg1 Qf2+ 35. Nf3 Ne5 36. Nbd4
Rg8 37. h3 Ng6+ 38. Rxg6 hxg6 39. h4 Qg2 40. Ne6 Bxe6 41. Rg1 g5+ 42. hxg5
fxg5+ 43. Ke3 0-1

[Event "ICS Rated blitz match"]
[Site "207.99.83.227"]
[Date "1999.05.05"]
[Round "?"]
[White "Hossa"]
[Black "JudgeTurpin"]
[Result "0-1"]
[WhiteElo "2394"]
[BlackElo "2663"]
[PlyCount "94"]

1. e4 e5 2. f4 exf4 3. Nf3 d6 4. Bc4 h6 5. b4 Nc6 6. Bb2 Nxb4 7. O-O Nf6 8. e5
Ne4 9. exd6 Qxd6 10. Ne5 Nd5 11. Nxf7 Kxf7 12. Qh5+ Ke7 13. Qxd5 Qxd5 14. Bxd5
Nf6 15. Bc4 Rb8 16. Rxf4 b5 17. Bb3 a5 18. Nc3 a4 19. Re1+ Kd8 20. Bf7 Bd6 21.
Rd4 Bd7 22. Ne4 Be5 23. Rb4 Bxb2 24. Rxb2 Rf8 25. Nxf6 Rxf7 26. Ne4 Bc6 27. Nc5
Re7 28. Re3 Rc8 29. g3 Rxe3 30. dxe3 Ke7 31. Rb4 Kd6 32. Ne4+ Ke5 33. Nf2 Re8
34. Rb1 Kd5 35. Re1 Kc4 36. e4 Kc3 37. Re2 b4 38. e5 Bb5 39. Nd1+ Kd4 40. Re1
Rxe5 41. Rxe5 Kxe5 42. Ne3 Bd7 43. Nd1 Bf5 44. c3 Bg4 45. Ne3 Ke4 46. h3 Kxe3
47. cxb4 47... Bxh3 {Hossa resigns} 0-1